| Tag |
First Indicator |
Second Indicator |
Subfields |
| LEADER |
00000cam a2200000 a 4500 |
| 001 |
in00000086678 |
| 005 |
20151008062715.0 |
| 008 |
820702s1982 mauk 00110 eng d |
| 010 |
|
|
|a 81082512
|
| 035 |
|
|
|a (OCoLC)08572274
|
| 035 |
|
|
|9 AAK0777AM
|
| 040 |
|
|
|a MHL
|c MHL
|d TXA
|d UtOrBLW
|
| 043 |
|
|
|a n-us---
|
| 049 |
|
|
|a TXAM
|v 1 [1503174]
|v 2 [1503175]
|
| 090 |
|
|
|a KF1682
|b .J84
|
| 100 |
1 |
|
|a Juergensmeyer, Julian Conrad.
|
| 245 |
1 |
0 |
|a Agricultural law /
|c Julian Conrad Juergensmeyer, James Bryce Wadley.
|
| 264 |
|
1 |
|a Boston, Mass. :
|b Little, Brown,
|c [1982]
|
| 264 |
|
4 |
|c ©1982
|
| 300 |
|
|
|a 2 volumes :
|b forms ;
|c 25 cm.
|
| 336 |
|
|
|a text
|b txt
|2 rdacontent
|
| 337 |
|
|
|a unmediated
|b n
|2 rdamedia
|
| 338 |
|
|
|a volume
|b nc
|2 rdacarrier
|
| 650 |
|
0 |
|a Agricultural laws and legislation
|z United States.
|
| 700 |
1 |
|
|a Wadley, James Bryce.
|
| 999 |
|
|
|a MARS
|
| 999 |
f |
f |
|s 4954581c-9266-338d-bd54-7972e49ca261
|i b2eee4ab-1547-3d0b-afe3-9e264d2e4bfc
|t 0
|
| 952 |
f |
f |
|p ric
|a Texas A&M University
|b Rellis Campus
|c Joint Library Facility
|d Remote Storage
|t 0
|e KF1682 .J84
|h Library of Congress classification
|i unmediated -- volume
|k v.2
|m A14805981800
|
| 952 |
f |
f |
|p ric
|a Texas A&M University
|b Rellis Campus
|c Joint Library Facility
|d Remote Storage
|t 0
|e KF1682 .J84
|h Library of Congress classification
|i unmediated -- volume
|k v.1
|m A14805981818
|
| 998 |
f |
f |
|a KF1682 .J84
|s v.1-v.2
|t 0
|l Remote Storage
|